00000000nam 2200000zi 4500
0019.937117
003CaOODSP
00520250904140934
006m     o  d f      
007cr |n|||||||||
008240419e20231101onc     ob   f|0| 0 fre d
040 |aCaOODSP|bfre|erda|cCaOODSP
043 |an-cn---
0861 |aRv55-8/11-11-3-2023F-PDF
24500|aDécisions anticipées en matière de classement tarifaire.
250 |a[Édition de 1er novembre 2023].
264 1|aOttawa : |bAgence des services frontaliers du Canada = Canada Border Services Agency, |cle 1 novembre, 2023.
300 |a1 ressource en ligne (20 pages)
336 |atexte|btxt|2rdacontent/fre
337 |ainformatique|bc|2rdamedia/fre
338 |aressource en ligne|bcr|2rdacarrier/fre
4901 |aMémorandum, |x2369-2405 ; |vD11-11-3
500 |aPublié aussi en anglais sous le titre : Advance rulings for tariff classification.
500 |a« Ceci annule le mémorandum D, D11-11-3, daté du 28 juin 2023. »
504 |aComprend des références bibliographiques (page 20).
650 6|aTarif douanier|xNomenclature et classification.
650 6|aImportations|xDroit|zCanada.
7102 |aAgence des services frontaliers du Canada, |eorganisme de publication.
77508|tAdvance rulings for tariff classification.|w(CaOODSP)9.937114
794 |tDécisions anticipées en matière de classement tarifaire.|b[Édition de 21 octobre 2024]|w(CaOODSP)9.954836
795 |tDécisions anticipées en matière de classement tarifaire.|b[Édition de 13 septembre 2021]|w(CaOODSP)9.911617
830#0|aMémorandum (Agence des services frontaliers du Canada)|vD11-11-3.|w(CaOODSP)9.816826
85640|qPDF|s805 Ko|uhttps://publications.gc.ca/collections/collection_2024/asfc-cbsa/Rv55-8-11-11-3-2023-fra.pdf